header

Viking ship at sunrise (Record no. 263145)

MARC details
000 -LEADER
fixed length control field 00288nam a22001217a 4500
020 ## - INTERNATIONAL STANDARD BOOK NUMBER
ISBN 9780679890614
100 ## - MAIN ENTRY--AUTHOR NAME
Personal name Mary Pope Osborne
245 ## - TITLE STATEMENT
Title Viking ship at sunrise
260 ## - PUBLICATION, DISTRIBUTION, ETC. (IMPRINT)
Place of publication New York
Name of publisher Random House
Year of publication 1998
300 ## - PHYSICAL DESCRIPTION
Number of Pages 78 pgs
Other physical details ill
490 ## - SERIES STATEMENT
Series statement Magic Tree House.
942 ## - ADDED ENTRY ELEMENTS (KOHA)
Koha item type Long Loan Books
Holdings
Withdrawn status Lost status Collection code Home library Current library Shelving location Date acquired Full call number Accession Number Koha item type
    Fiction Rongo University Library Rongo University Library Children's Area 04/03/2024 PZ7 O811 1998 CL20222821 Long Loan Books

© 2026 Rongo University
Contact us: librarian | system librarian | Rongo university